000 00447pab a2200169 454500
008 180718b2006 xxu||||| |||| 00| 0 eng d
100 _aRohini, R.
245 _aA study of total quality management practices in healthcare services
260 _c2006
300 _ap.492-503.
362 _aJan-Mar
650 _aHealth services
650 _aTotal quality management
700 _aMahadevappa, B.
773 _aProductivity
909 _a72691
999 _c72691
_d72691